Normal view
MARC view
- Self-presentation
Entry Topical Term
001 - CONTROL NUMBER
- control field: 112679
003 - CONTROL NUMBER IDENTIFIER
- control field: NUST
005 - DATE AND TIME OF LATEST TRANSACTION
- control field: 20230526104853.0
008 - FIXED-LENGTH DATA ELEMENTS
- fixed length control field: 230526|| aca||aabn | a|a d
040 ## - CATALOGING SOURCE
- Original cataloging agency: NUST
- Transcribing agency: NUST
150 ## - HEADING--TOPICAL TERM
- Topical term or geographic name entry element: Self-presentation
670 ## - SOURCE DATA FOUND
- Source citation: Work cat.: (NUST)188451: Guilfoyle, Desmond 112677, The charisma effect :, 2008.
